[Event "Monarch Assurance Isle of Man 4th"]
[Site "Port Erin IOM"]
[Date "1995.10.15"]
[Round "9"]
[White "O'Shaughnessy, Conor"]
[Black "Lalic, Susan"]
[Result "1/2-1/2"]
[WhiteElo "2230"]
[BlackElo "2315"]
[PlyCount "41"]
[EventDate "1995.10.07"]
[EventType "swiss"]
[EventRounds "9"]
[EventCountry "IOM"]
[SourceTitle "BritBase"]

1. e4 e6 2. d4 d5 3. Nd2 dxe4 4. Nxe4 Bd7 5. Nf3 Bc6 6. Bd3 Nd7 7. O-O Ngf6 8.
Qe2 Nxe4 9. Bxe4 Bxe4 10. Qxe4 c6 11. Bg5 Be7 12. Bxe7 Qxe7 13. c3 O-O 14. Rad1
Rfd8 15. Rfe1 Nf6 16. Qe2 Rd6 17. Ne5 Rad8 18. g3 h6 19. Nc4 R6d7 20. Ne5 Rd6
21. Nc4 1/2-1/2

[Event "Monarch Assurance Isle of Man 4th"]
[Site "Port Erin IOM"]
[Date "1995.10.15"]
[Round "9"]
[White "Rosten, Oliver"]
[Black "Spanton, Timothy"]
[Result "1-0"]
[WhiteElo "2190"]
[BlackElo "2060"]
[PlyCount "49"]
[EventDate "1995.10.07"]
[EventType "swiss"]
[EventRounds "9"]
[EventCountry "IOM"]
[SourceTitle "BritBase"]

1. e4 e5 2. Nf3 Nc6 3. d4 exd4 4. Nxd4 Bc5 5. Nxc6 bxc6 6. Bd3 d5 7. O-O Nf6 8.
exd5 cxd5 9. Bg5 O-O 10. Bxf6 Qxf6 11. Qh5 g6 12. Qxd5 Bxf2+ 13. Rxf2 Qxb2 14.
Qxa8 Qxa1 15. Kf1 Qxa2 16. Nc3 Qa3 17. Qc6 Be6 18. Ne4 a5 19. Qxc7 Rc8 20. Qe5
a4 21. Nf6+ Kg7 22. Nd5+ Kg8 23. Nf6+ Kg7 24. Ng4+ Kf8 25. Qxe6 1-0

[Event "Monarch Assurance Isle of Man 4th"]
[Site "Port Erin IOM"]
[Date "1995.10.15"]
[Round "9"]
[White "Sadler, Matthew"]
[Black "Wells, Peter K"]
[Result "1/2-1/2"]
[WhiteElo "2565"]
[BlackElo "2545"]
[PlyCount "142"]
[EventDate "1995.10.07"]
[EventType "swiss"]
[EventRounds "9"]
[EventCountry "IOM"]
[SourceTitle "BritBase"]

1. d4 Nf6 2. c4 e6 3. Nc3 Bb4 4. Qc2 O-O 5. a3 Bxc3+ 6. Qxc3 Ne4 7. Qc2 f5 8.
g3 b6 9. Bg2 Bb7 10. Nf3 Nf6 11. O-O Be4 12. Qd2 a5 13. b3 Nc6 14. Bb2 Ne7 15.
a4 h6 16. Rfd1 d6 17. Ba3 Ng6 18. b4 axb4 19. Bxb4 Ra6 20. a5 Qa8 21. Bc3 Rb8
22. axb6 Rbxb6 23. h3 Rb3 24. Rdc1 Nd7 25. Rxa6 Qxa6 26. Ba5 Qb7 27. Qd1 Ra3
28. Ra1 Rxa1 29. Qxa1 c5 30. dxc5 Nxc5 31. Bc3 e5 32. Qa5 Ne6 33. Bb4 d5 34.
cxd5 Bxd5 35. Bc3 f4 36. Nh4 Bxg2 37. Nxg2 Qe4 38. Qa2 Ngf8 39. gxf4 exf4 40.
e3 f3 41. Nf4 Kh7 42. Qd5 Qxd5 43. Nxd5 Ng5 44. Nf4 Ng6 45. Nh5 Nxh3+ 46. Kf1
Ne7 47. Nxg7 Ng5 48. Nh5 Nd5 49. Nf6+ Nxf6 50. Bxf6 Ne4 51. Bd8 Kg6 52. Kg1 Kf5
53. Bc7 h5 54. Kh2 Kg4 55. Kg1 Nd2 56. Bd8 Kf5 57. Kh2 Kg4 58. Kg1 Ne4 59. Bc7
Nc3 60. Bd8 Ne2+ 61. Kh2 Nc1 62. e4 Kf4 63. Bb6 Kxe4 64. Kg3 Ne2+ 65. Kh4 Nf4
66. Kg5 Nd5 67. Ba7 Kd3 68. Kxh5 Ke2 69. Kg4 Nc3 70. Kf4 Nd1 71. Kg3 Nxf2
1/2-1/2

[Event "Monarch Assurance Isle of Man 4th"]
[Site "Port Erin IOM"]
[Date "1995.10.15"]
[Round "9"]
[White "Sher, Miron N"]
[Black "Welling, Gerard"]
[Result "1-0"]
[WhiteElo "2510"]
[BlackElo "2415"]
[PlyCount "77"]
[EventDate "1995.10.07"]
[EventType "swiss"]
[EventRounds "9"]
[EventCountry "IOM"]
[SourceTitle "BritBase"]

1. c4 e5 2. g3 Nc6 3. Bg2 f5 4. Nc3 Nf6 5. d3 Bb4 6. Bd2 a5 7. Nf3 O-O 8. O-O
d6 9. Rc1 Bxc3 10. Bxc3 Qe8 11. e3 f4 12. exf4 exf4 13. h3 fxg3 14. fxg3 Nb4
15. Qd2 Bd7 16. a3 Nc6 17. Rce1 Qb8 18. Nh4 Qa7+ 19. Qe3 Qxe3+ 20. Rxe3 a4 21.
Nf5 Rae8 22. Rxe8 Bxe8 23. g4 Bg6 24. Rf2 h6 25. Bxf6 Rxf6 26. Nxh6+ Kh7 27.
Rxf6 gxf6 28. Nf5 Bxf5 29. gxf5 Ne5 30. Be4 c6 31. Kf2 Kh6 32. Ke3 b6 33. Bg2
Kg5 34. Bf1 Kh4 35. d4 Nd7 36. Bg2 c5 37. Bc6 cxd4+ 38. Kxd4 Nc5 39. Kd5 1-0

[Event "Monarch Assurance Isle of Man 4th"]
[Site "Port Erin IOM"]
[Date "1995.10.15"]
[Round "9"]
[White "Stohl, Igor"]
[Black "Howell, James C"]
[Result "1/2-1/2"]
[WhiteElo "2525"]
[BlackElo "2525"]
[PlyCount "33"]
[EventDate "1995.10.07"]
[EventType "swiss"]
[EventRounds "9"]
[EventCountry "IOM"]
[SourceTitle "BritBase"]

1. Nf3 Nf6 2. c4 g6 3. g3 Bg7 4. Bg2 O-O 5. Nc3 d6 6. d4 Nbd7 7. O-O e5 8. e4
c6 9. b3 exd4 10. Nxd4 Re8 11. h3 Nc5 12. Re1 a5 13. Bf4 a4 14. b4 Ne6 15. Be3
a3 16. Rc1 Nxd4 17. Bxd4 1/2-1/2

[Event "Monarch Assurance Isle of Man 4th"]
[Site "Port Erin IOM"]
[Date "1995.10.15"]
[Round "9"]
[White "Tolhuizen, Ludo"]
[Black "Grant, Jonathan"]
[Result "0-1"]
[WhiteElo "2255"]
[BlackElo "2275"]
[PlyCount "100"]
[EventDate "1995.10.07"]
[EventType "swiss"]
[EventRounds "9"]
[EventCountry "IOM"]
[SourceTitle "BritBase"]

1. d4 Nf6 2. Nf3 e6 3. Bg5 h6 4. Bxf6 Qxf6 5. e4 d6 6. Nc3 Nd7 7. Bd3 c6 8. Qe2
e5 9. d5 g6 10. dxc6 bxc6 11. Ba6 Bg7 12. Bxc8 Rxc8 13. O-O O-O 14. Rad1 Rfd8
15. b4 Qe6 16. b5 Nc5 17. bxc6 Rxc6 18. Nd5 Rdc8 19. Ne1 Ra6 20. c3 Ra4 21. f3
f5 22. Nd3 fxe4 23. Nxc5 Rxc5 24. fxe4 Rcc4 25. Qf3 Rxe4 26. Nf6+ Bxf6 27. Qxf6
Qxf6 28. Rxf6 Rxa2 29. h3 Ree2 30. Rxg6+ Kf7 31. Rdxd6 Rf2 32. Ra6 Rxg2+ 33.
Rxg2 Rxa6 34. Rc2 Ke6 35. Kf2 Kd5 36. Ke3 Ra4 37. Rd2+ Ke6 38. Rg2 Rh4 39. Rg6+
Kd5 40. Ra6 Rxh3+ 41. Kd2 Ke4 42. Ra4+ Kf3 43. Rxa7 Rh2+ 44. Ke1 e4 45. Rf7+
Ke3 46. Kf1 Rh1+ 47. Kg2 Rc1 48. Rh7 Kd2 49. Rxh6 e3 50. Rd6+ Ke1 0-1

[Event "Monarch Assurance Isle of Man 4th"]
[Site "Port Erin IOM"]
[Date "1995.10.15"]
[Round "9"]
[White "Ryan, Joseph"]
[Black "Kristensen, Bjarke"]
[Result "0-1"]
[WhiteElo "2210"]
[BlackElo "2440"]
[PlyCount "98"]
[EventDate "1995.10.07"]
[EventType "swiss"]
[EventRounds "9"]
[EventCountry "IOM"]
[SourceTitle "BritBase"]

1. d4 g6 2. e4 Bg7 3. c3 d5 4. Nd2 Nh6 5. Ngf3 O-O 6. exd5 Qxd5 7. Bc4 Qh5 8.
O-O Nc6 9. Re1 e5 10. Nxe5 Qxd1 11. Rxd1 Nxe5 12. dxe5 Ng4 13. Nf3 Nxe5 14.
Nxe5 Bxe5 15. Bh6 Re8 16. Rd2 Be6 17. Bxe6 Rxe6 18. Rad1 Bd6 19. Be3 Rae8 20.
h3 a6 21. Kf1 f5 22. Rd5 Kf7 23. Re1 Re4 24. Bd2 Ra4 25. Rxe8 Kxe8 26. a3 Kd7
27. Be3 Kc6 28. Rd3 Kb5 29. Ke2 Kc4 30. Bd4 Ra5 31. Kd2 Kb3 32. Kc1 Rd5 33. Rf3
f4 34. g3 c5 35. Bg7 g5 36. g4 Be7 37. h4 c4 38. hxg5 Rxg5 39. Bh6 Rxg4 40.
Rxf4 Rg6 41. Re4 Bxa3 42. bxa3 Rxh6 43. Kd2 Rd6+ 44. Ke3 Kxc3 45. Re7 b5 46. f4
Kb2 47. Rxh7 c3 48. f5 c2 49. Rh2 Kb3 0-1